| 000 | 00557nam a22001817a 4500 | ||
|---|---|---|---|
| 005 | 20251108164702.0 | ||
| 008 | 250721s1985 xx 000 0 ara d | ||
| 082 | 1 | 4 | _a812.0962/محم |
| 100 | 1 | _aيوسف، محمد بن محمد | |
| 245 | 1 | 0 |
_aعلى هامش الشعر التمثيلي عند أحمد شوقي : _bتحليل و دراسة / |
| 264 | 1 |
_aالقاهرة : _c1985. |
|
| 300 | _a487ص | ||
| 650 | 1 | 7 | _aالمسرحيات العربية |
| 650 | 1 | 7 | _aالنقد الأدبي |
| 650 | 1 | 7 | _aمصر |
| 942 |
_2ddc _cBK |
||
| 999 |
_c11823 _d11823 |
||